Vývoj obrany v Európskej únii
Postupný vývoj Spoločnej bezpečnostnej a obrannej politiky (SBOP) v kontexte európskej integrácie. Európska bezpečnostná stratégia. Zmeny po prijatí Lisabonskej zmluvy. Nová globálna stratégia EÚ. Dopad Brexitu na obrannú integráciu v Európe. Výdavky na obranu v Európe v roku 2016. Postoj Slovenska...
Enregistré dans:
| Auteur principal: | |
|---|---|
| Format: | Chapitre de livre |
| Langue: | slovaque |
| Sujets: | |
| Tags: |
Pas de tags, Soyez le premier à ajouter un tag!
|
MARC
| LEADER | 00000nla a2200000 4500 | ||
|---|---|---|---|
| 001 | 0241546 | ||
| 005 | 20240502073932.4 | ||
| 041 | 0 | |a slo | |
| 044 | |a SK | ||
| 245 | 1 | 0 | |a Vývoj obrany v Európskej únii |c Markéta Mackuľaková |
| 520 | |a Postupný vývoj Spoločnej bezpečnostnej a obrannej politiky (SBOP) v kontexte európskej integrácie. Európska bezpečnostná stratégia. Zmeny po prijatí Lisabonskej zmluvy. Nová globálna stratégia EÚ. Dopad Brexitu na obrannú integráciu v Európe. Výdavky na obranu v Európe v roku 2016. Postoj Slovenska k európskej obrannej integrácii. | ||
| 610 | 2 | 0 | |a bezpečnosť medzinárodná |
| 610 | 2 | 0 | |a politika bezpečnostná |
| 610 | 2 | 0 | |a obrana štátu |
| 610 | 2 | 0 | |a integrácia ekonomická medzinárodná |
| 610 | 2 | 0 | |a sily ozbrojené |
| 610 | 2 | 0 | |a spolupráca medzinárodná |
| 610 | 2 | 0 | |a výdavky |
| 610 | 2 | 0 | |a Európska únia |
| 610 | 2 | 0 | |a Slovensko |
| 100 | 1 | |a Mackuľaková, Markéta | |